000 00766cab a2200241 4500
001 ABS58814
008 090401t1998 xxu||||| |||| 00| 0 eng d
035 _a(Sirsi) u86300
041 _aeng
100 _aSummerton, N.
245 _aWhy water may not stem the housing tide
260 _c1998
350 _a0
490 _aTown & Country Planning
_v67(3) April 1998, 124-126(3)
520 _aLooks at the relationship between water supply and planning for new houses. Asks if there are defects in the way that the planning system takes account of water resource problems.
650 _aHOUSING DEMAND
650 _aHOUSING DEVELOPMENT
650 _aPLANNING ISSUES
650 _aWATER SUPPLY
690 _aWATER
942 _n0
948 _c19/05/1998
999 _c54300
_d54300